Vincitori "X Factor" - Statistics

Statistiche generali
  • Questo quiz è stato fatto 40 volte
    3 dall'ultimo reset
  • Il punteggio medio è 10 su 18
Statistiche sulle risposte
con Immagini Risposta % Corretto
Casadilego
100%
Francesca Michielin
100%
Lorenzo Fragola
100%
Marco Mengoni
100%
Michele Bravi
100%
Santi Francesi
100%
Anastasio
67%
Baltimora
67%
Lorenzo Licitra
67%
Sofia Tornambene
67%
Chiara Galiazzo
33%
Giò Sada
33%
Soul System
33%
Aram Quartet
0%
Matteo Becucci
0%
Mimì Caruso
0%
Nathalie
0%
Serafine
0%
Nessun quiz corrispondente trovato
Distribuzione punteggi
Percentuale di utenti per punteggio
Percentile per numero di risposta
I tuoi punteggi nel tempo
Non hai fatto questo quiz dall'ultimo reset